000 01190nam a2200361 i 4500
001 bg
100 1 _aStatham, Bill.
245 1 0 _aE213 :
_btabele dodatków i składników chemicznych czyli Co jesz i czym się smarujesz /
_cBill Statham ; [tł. Katarzyna Tryc].
246 3 _aCo jesz i czym się smarujesz
246 1 _iTyt. oryg.:
_aChemical maze shopping companion
260 _aWarszawa :
_bWydawnictwo RM,
_c2006.
300 _a336 s. :
_bil. ;
_c17 cm.
490 1 _aPoradnik Konsumenta
500 _aTyt. oryg.: "The chemical maze shopping companion" 2006.
504 _aBibliogr. s. 334-336.
650 9 _aKosmetyki
650 9 _aSubstancje dodatkowe do żywności
655 _aTablice i wzory
700 1 _aTryc, Katarzyna.
_eTł.
830 _aPoradnik Konsumenta
015 _aPB 173/2008
020 _a8372435294
020 _a9788372435293
040 _cBPK
041 1 _apol
_heng
044 _aPOL
080 _a664+665.5:661.7](083)
920 _a83-7243-529-4 :
920 _a978-83-7243-529-3
942 _cKS
008 071011s2006 pl a f |000 0 pol
999 _c55218
_d55218
856 _uhttp://koha.tu.koszalin.pl/cgi-bin/koha/opac-detail.pl?biblionumber=55218
_yKatalog online BPK